| 000 | 00533nam a22001697a 4500 | ||
|---|---|---|---|
| 005 | 20251108170953.0 | ||
| 008 | 250721s1996 xx 000 0 ara d | ||
| 082 | 1 | 4 | _a614.71/كما |
| 100 | 1 | _aغزالي، كمال شرقاوي | |
| 245 | 1 | 0 |
_aمن أجل بيئة أفضل : _bالتلوث البيئي العقدة و الحل / |
| 264 | 1 |
_aالاسكندريه : _bمؤسسة شباب الجامعة، _c1996. |
|
| 300 | _a111ص | ||
| 650 | 1 | 7 | _aالبيئة |
| 650 | 1 | 7 | _aالتلوث |
| 942 |
_2ddc _cBK |
||
| 999 |
_c53333 _d53333 |
||